Bloc de l'est - Statistiques

Statistiques générales
  • Ce quiz a été pris 27 fois
  • Le résultat moyen est 21 sur 23
Statistiques - réponses
Réponse Hint % Correct
Ukraine URSS
100%
Estonie URSS
96%
Géorgie URSS
96%
Kazakhstan URSS
96%
Lettonie URSS
96%
Lituanie URSS
96%
Pologne
96%
Roumanie
96%
Armenie URSS
92%
Biélorussie URSS
92%
Bulgarie
92%
Hongrie
92%
Kirghizistan URSS
92%
Ouzbékistan URSS
92%
République Démocratique Allemande
92%
Azerbaïdjan URSS
88%
Moldavie URSS
88%
Russie URSS
88%
Tadjikistan URSS
88%
Turkménistan URSS
88%
Tchécoslovaquie
77%
Yougoslavie
77%
Albanie
73%
Aucun quiz correspondant
Distribution des résultats
% des personnes avec chaque résultat
Percentile par nombre de réponses
Votre historique - résultats
Vous n’avez pas pris ce quiz